000 00638nam a2200193 4500
005 20241023115418.0
010 _aENG-142281
020 _c795.00
_a9789391659011
035 _aEN-125813
037 _bDBAD
082 _a370.0954
100 _aTabassum, Rubina
_973202
245 _aEducational Status of Muslims In India/
_bRubina Tabassum
250 _aFirst
260 _bGenusine Publications and Media Pvt. Ltd.
_aNew Delhi
_c2022
270 _aB-35 (LGF), Nizamuddin West
_bNew DElhi
_e110013
_k911141827475
_minfo@genuinepublications.com
300 _a136p.
_c24cm(hb)
942 _2ddc
_cEN
_h370.0954
_mTAB
_e2022
999 _c206602
_d206602